000 01007nam a22002297a 4500
003 OSt
005 20250827112334.0
008 240308b ||||| |||| 00| 0 eng d
040 _c0
082 _aDPer 621.317 Ie21 July 2022 v.37 n. 7
100 _aWu, Mingzhe.
_eauthor.
_954215
245 _aGeneralized low switching frequency modulation for neutral-point-clamped and flying-capacitor four-level converters /
_cMingzhe Wu, Hao Tian, Kui Wang, Georgios Konstantinou, and Yun Wei Li
260 _aNew York ;
_bThe Institute of Electrical and Electronics Engineers, Inc. ,
_cJuly 2022.
300 _avolume 37, pages 8087-8103 :
_billustration ;
_c28 cm.
500 _a IEEE Transactions on Power Electronics, vol. 37, no. 7, pages 8087-8103, July 2022.
700 _aWu, Mingzhe.
_eauthor.
_954215
700 _aTian, Hao.
_eauthor.
_954216
700 _aWang, Kui.
_eauthor.
_954217
700 _aKonstantinou, Georgios.
_eauthor.
_954218
700 _aLi, Yun Wei.
_eauthor.
_954219
942 _2ddc
_cPER
999 _c19570
_d19570